| 000 | 00782nam a22002777a 4500 | ||
|---|---|---|---|
| 001 | BR9405242 | ||
| 003 | BR-BrBNA | ||
| 005 | 20230928094307.0 | ||
| 007 | ta | ||
| 008 | 230509b bl.||||| |||| 00| 0 por d | ||
| 040 |
_aBR-BrBNA _bpor _cBiblioteca Nacional de Agricultura |
||
| 041 | _a(Por) | ||
| 072 |
_aH60; F30 _b0336 |
||
| 090 | _ 0336 BR9405242 | ||
| 110 | 1 |
_aUniversidade Federal do Rio Grande do Sul, Porto Alegre (Brasil). Depto. de Fitotecnia _911154 |
|
| 245 | 1 | _aSetor de plantas de lavoura | |
| 260 | 3 |
_aPorto Alegre, RS (Brasil): _c[nd]. |
|
| 300 | _a32 p. | ||
| 650 | _aSoja | ||
| 650 | _aErva Daninha | ||
| 650 | _aVariedade | ||
| 650 | _aMelhoramento Genetico Vegetal | ||
| 650 | _aRendimento | ||
| 909 |
_a202309 _bLucia _c55 _dLucia Elande |
||
| 942 | _cBK | ||
| 999 |
_c49903 _d49903 |
||